书目信息 |
| 题名: |
处境不利儿童的心理发展现状与教育对策研究
|
|
| 作者: | 申继亮 著 | |
| 分册: | ||
| 出版信息: | 北京 经济科学出版社 2009 |
|
| 页数: | 394页 | |
| 开本: | 25cm | |
| 丛书名: | ||
| 单 册: | ||
| 中图分类: | B844.1 , G61 | |
| 科图分类: | ||
| 主题词: | 儿童心理学--er tong xin li xue--研究 , 儿童教育--er tong jiao yu--研究 | |
| 电子资源: | ||
| ISBN: | 978-7-5058-7602-6 | |
| 000 | 01181nam0 22002771 450 | |
| 001 | 387761 | |
| 005 | 20170502165537.0 | |
| 010 | @a978-7-5058-7602-6@dCNY58.00 | |
| 100 | @a20091109d2009 em y0chiy50 ea | |
| 101 | 0 | @achi@ceng |
| 102 | @aCN@b110000 | |
| 105 | @ay z 000yy | |
| 106 | @ar | |
| 200 | 1 | @a处境不利儿童的心理发展现状与教育对策研究@9chu jing bu li er tong de xin li fa zhan xian zhuang yu jiao yu dui ce yan jiu@dStudy on disadvantaged children's psychological development and educational suggestions@f申继亮等著@zeng |
| 210 | @a北京@c经济科学出版社@d2009 | |
| 215 | @a394页@d25cm | |
| 300 | @a教育部哲学社会科学研究重大课程组攻关项目 | |
| 330 | @a本书内容包括:处境不利儿童的社会发展环境、处境不利儿童的心理发展现状、处境不利儿童心理发展的影响机制、政策和教育建议、个案研究等。 | |
| 510 | 1 | @aStudy on disadvantaged children's psychological development and educational suggestions@zeng |
| 606 | 0 | @a儿童心理学@9er tong xin li xue@x研究 |
| 606 | 0 | @a儿童教育@9er tong jiao yu@x研究 |
| 690 | @aB844.1@v4 | |
| 690 | @aG61@v4 | |
| 701 | 0 | @a申继亮@9shen ji liang@f(1964.9~)@4著 |
| 801 | 0 | @aCN@b百万庄@c20170308 |
| 905 | @b1003822-7@dB844.1@e1675@f6 | |
| 处境不利儿童的心理发展现状与教育对策研究=Study on disadvantaged children's psychological development and educational suggestions/申继亮等著.-北京:经济科学出版社,2009 |
| 394页;25cm |
| 教育部哲学社会科学研究重大课程组攻关项目 |
| ISBN 978-7-5058-7602-6:CNY58.00 |
| 本书内容包括:处境不利儿童的社会发展环境、处境不利儿童的心理发展现状、处境不利儿童心理发展的影响机制、政策和教育建议、个案研究等。 |
| ● |
| 相关链接 |
|
|
|
|
正题名:处境不利儿童的心理发展现状与教育对策研究
索取号:B844.1/1675
 
预约/预借
| 序号 | 登录号 | 条形码 | 馆藏地/架位号 | 状态 | 备注 |
| 1 | 1003822 | 210038225 | 第一样本阅览室/ [索取号:B844.1/1675] | 在馆 | |
| 2 | 1003823 | 210038234 | 教育系资料室/ [索取号:B844.1/1675] | 在馆 | |
| 3 | 1003824 | 210038243 | 教育系资料室/ [索取号:B844.1/1675] | 在馆 | |
| 4 | 1003825 | 210038252 | 教育系资料室/ [索取号:B844.1/1675] | 在馆 | |
| 5 | 1003826 | 210038261 | 第一借阅区/ [索取号:B844.1/1675] | 在馆 | |
| 6 | 1003827 | 210038270 | 第一借阅区/ [索取号:B844.1/1675] | 在馆 |